[Event "29th Biel Festival"]
[Site "Biel SUI"]
[Date "1996.07.23"]
[Round "2"]
[White "Tukmakov, Volodymyr"]
[Black "Glek, Igor"]
[Result "1/2-1/2"]
[WhiteElo "2580"]
[BlackElo "2670"]
[PlyCount "86"]
[EventDate "1996.07.22"]

1. d4 Nf6 2. Nf3 g6 3. c4 Bg7 4. g3 c6 5. Bg2 d5 6. O-O O-O 7. b3 Ne4 8. Bb2 a5 9. Nc3 Nxc3 10. Bxc3 b5 11. Rc1 Nd7 12. cxd5 cxd5 13. Bd2 Bb7 14. Bf4 Qb6 15. Rc7 Bc6 16. Qc2 Rfc8 17. Rc1 Rxc7 18. Bxc7 Qxc7 19. Qxc6 Qxc6 20. Rxc6 Ra7 21. e3 b4 22. Bf1 Bf6 23. Bb5 Kg7 24. Rc8 Nf8 25. Ne1 g5 26. Nd3 Ng6 27. Nc5 e5 28. dxe5 Bxe5 29. Nd3 Ne7 30. Re8 Bd6 31. Kg2 Rb7 32. Rd8 Bxg3 33. hxg3 Rxb5 34. Rd7 Ng6 35. g4 Kf6 36. Rd6+ Ke7 37. Rc6 Nf8 38. Nc5 h6 39. Rc7+ Kf6 40. Kg3 Ne6 41. Nxe6 fxe6 42. Rh7 Kg6 43. Re7 Kf6 1/2-1/2

[Event "29th Biel Festival"]
[Site "Biel SUI"]
[Date "1996.07.24"]
[Round "3"]
[White "Romanishin, Oleg"]
[Black "Portisch, Lajos"]
[Result "1/2-1/2"]
[WhiteElo "2555"]
[BlackElo "2600"]
[PlyCount "71"]
[EventDate "1996.07.22"]

1. Nf3 Nf6 2. c4 e6 3. Nc3 d5 4. d4 Be7 5. Bg5 O-O 6. e3 h6 7. Bh4 b6 8. Bd3 Bb7 9. O-O Nbd7 10. Bg3 c5 11. Qe2 cxd4 12. exd4 dxc4 13. Bxc4 Nh5 14. Rfd1 Nxg3 15. hxg3 Nf6 16. Ne5 Bb4 17. Rac1 Bxc3 18. bxc3 Re8 19. Bb3 Rc8 20. c4 Re7 21. Qe3 Rec7 22. f3 Nd7 23. Nxd7 Qxd7 24. g4 Qd8 25. d5 exd5 26. cxd5 Rxc1 27. Rxc1 Rxc1+ 28. Qxc1 Qd6 29. Qe3 Kf8 30. Ba4 g5 31. Qe8+ Kg7 32. Bc6 Ba6 33. Qe4 Bc8 34. Qe8 Ba6 35. Qe4 Bc8 36. Qe8 1/2-1/2

[Event "29th Biel Festival"]
[Site "Biel SUI"]
[Date "1996.07.27"]
[Round "5"]
[White "Almasi, Zoltan"]
[Black "Romanishin, Oleg"]
[Result "1/2-1/2"]
[WhiteElo "2655"]
[BlackElo "2555"]
[PlyCount "93"]
[EventDate "1996.07.22"]

1. e4 e5 2. Nf3 Nc6 3. Bb5 a6 4. Ba4 Nf6 5. O-O Be7 6. Re1 d6 7. Bxc6+ bxc6 8. d4 exd4 9. Nxd4 Bd7 10. Nc3 O-O 11. Qf3 Rb8 12. b3 Re8 13. Bg5 h6 14. Bh4 Nh7 15. Bxe7 Qxe7 16. Qd3 Qe5 17. Re3 Nf6 18. h3 a5 19. Rae1 Qc5 20. Nf3 Nh5 21. e5 Nf4 22. Qd2 d5 23. Na4 Qb4 24. Qxb4 axb4 25. Nc5 Bc8 26. Nd4 Ne6 27. Ndxe6 Bxe6 28. c3 Ra8 29. R1e2 Reb8 30. g4 Ra5 31. cxb4 Rxb4 32. Rc3 d4 33. Rc1 Bd5 34. Nd3 Rb8 35. f4 Rba8 36. Nb4 Bf3 37. Rf2 Be4 38. Re1 Rb5 39. Rxe4 Rxb4 40. Rd2 c5 41. Kf2 Kf8 42. Kf3 c4 43. Rexd4 cxb3 44. Rxb4 bxa2 45. Rxa2 Rxa2 46. Rc4 Ra3+ 47. Kg2 1/2-1/2

[Event "29th Biel Festival"]
[Site "Biel SUI"]
[Date "1996.07.28"]
[Round "6"]
[White "Lautier, Joel"]
[Black "Almasi, Zoltan"]
[Result "1/2-1/2"]
[WhiteElo "2620"]
[BlackElo "2655"]
[PlyCount "94"]
[EventDate "1996.07.22"]

1. e4 e5 2. Nf3 Nc6 3. Bb5 a6 4. Ba4 Nf6 5. O-O Be7 6. Re1 b5 7. Bb3 d6 8. c3 O-O 9. h3 Bb7 10. d4 Re8 11. Ng5 Rf8 12. Nf3 Re8 13. Nbd2 Bf8 14. d5 Nb8 15. Nf1 Nbd7 16. Ng3 h6 17. Nf5 Kh7 18. g4 g6 19. Ng3 Nc5 20. Bc2 c6 21. b4 Na4 22. Bxa4 bxa4 23. c4 cxd5 24. cxd5 Qd7 25. Nh2 Rac8 26. Qd3 Rc7 27. Bd2 Rec8 28. Nhf1 Ng8 29. Qf3 Qe8 30. h4 Rc2 31. Red1 Be7 32. g5 R8c7 33. Rdc1 Bc8 34. Kg2 Bd8 35. Rxc2 Rxc2 36. Rc1 Rxc1 37. Bxc1 Qd7 38. Kg1 Qc7 39. Be3 hxg5 40. hxg5 Kg7 41. Qd1 Bd7 42. Qd2 Qc4 43. Qb2 f6 44. gxf6+ Nxf6 45. f3 Bh3 46. Bf2 Bd7 47. Ne3 Qb5 1/2-1/2

[Event "29th Biel Festival"]
[Site "Biel SUI"]
[Date "1996.08.01"]
[Round "9"]
[White "Ehlvest, Jaan"]
[Black "Miles, Anthony John"]
[Result "1-0"]
[WhiteElo "2660"]
[BlackElo "2630"]
[PlyCount "75"]
[EventDate "1996.07.22"]

1. Nf3 d5 2. d4 Nf6 3. c4 c6 4. Nc3 a6 5. a4 g6 6. e3 Bg7 7. Be2 O-O 8. O-O Bg4 9. Qb3 Ra7 10. a5 e6 11. h3 Bxf3 12. Bxf3 Nbd7 13. Rd1 Qc7 14. e4 dxe4 15. Nxe4 Nxe4 16. Bxe4 e5 17. d5 f5 18. Be3 Raa8 19. dxc6 bxc6 20. Bb6 Qb7 21. c5+ Rf7 22. Bb1 Raf8 23. Ba2 Kh8 24. Qxf7 Rxf7 25. Bxf7 Bf8 26. Be6 Nf6 27. Rd8 Qe7 28. Bc4 Kg7 29. Rc8 Kh6 30. Rxc6 Ne4 31. Rc8 Qh4 32. c6 Be7 33. Bf1 Bc5 34. Bxc5 Nxc5 35. Rc1 Ne6 36. Re8 Ng5 37. Rc3 Ne4 38. Rc2 1-0

[Event "29th Biel Festival"]
[Site "Biel SUI"]
[Date "1996.08.03"]
[Round "11"]
[White "Tukmakov, Volodymyr"]
[Black "Almasi, Zoltan"]
[Result "1/2-1/2"]
[WhiteElo "2580"]
[BlackElo "2655"]
[PlyCount "20"]
[EventDate "1996.07.22"]

1. d4 Nf6 2. Nf3 e6 3. c4 b6 4. g3 Bb7 5. Bg2 Be7 6. Nc3 Ne4 7. Bd2 Bf6 8. O-O O-O 9. Qc2 Nxd2 10. Qxd2 d6 1/2-1/2